[Event "Titled Tuesday intern op 06th Feb Late"]
[Site "Chess.com INT"]
[Date "2024.02.06"]
[Round "7"]
[White "Esquivias Quintero, Luis Manuel"]
[Black "Ferriz Barrios, Andres"]
[Result "0-1"]
[WhiteElo "2278"]
[BlackElo "2102"]
[PlyCount "92"]
[EventDate "2024.02.06"]
[EventType "swiss (blitz)"]
[EventRounds "11"]
[EventCountry "USA"]
[SourceTitle "CB07_2024"]
[SourceDate "2024.02.14"]
[SourceVersion "1"]
[SourceVersionDate "2024.02.14"]
[SourceQuality "1"]

1. e4 e6 2. d4 d5 3. e5 c5 4. c3 Nc6 5. Nf3 Qb6 6. Bd3 Bd7 7. 0-0 cxd4 8. Re1 Rc8 9. a3 h5 10. cxd4 Nxd4 11. Nbd2 Bc5 12. Nxd4 Bxd4 13. Qe2 Nh6 14. Rb1 Ng4 15. Nf3 Bxf2+ 16. Kf1 Bxe1 17. Kxe1 Nxh2 18. Nxh2 Qg1+ 19. Nf1 h4 20. Be3 Qh1 21. Kd2 h3 22. Ng3 Qxg2 23. Rg1 Qxe2+ 24. Nxe2 b6 25. Rh1 Ke7 26. Rh2 Rh5 27. Bd4 g5 28. Ng3 Rh4 29. Be3 Rg8 30. Be2 d4 31. Bf2 g4 32. Nf5+ exf5 33. Bxh4+ Ke6 34. Bg3 Bc6 35. Bd3 a6 36. Rf2 Bf3 37. Be2 Bxe2 38. Kxe2 Rc8 39. Kd3 b5 40. Kxd4 Rc4+ 41. Kd3 a5 42. Rc2 Kd5 43. Rxc4 bxc4+ 44. Kc3 Ke4 45. Kxc4 f4 46. Bh4 h2 0-1

[Event "Titled Tuesday intern op 06th Feb Late"]
[Site "Chess.com INT"]
[Date "2024.02.06"]
[Round "2"]
[White "Zuferi, Enis"]
[Black "Esquivias Quintero, Luis Manuel"]
[Result "1-0"]
[WhiteElo "2412"]
[BlackElo "2278"]
[PlyCount "79"]
[EventDate "2024.02.06"]
[EventType "swiss (blitz)"]
[EventRounds "11"]
[EventCountry "USA"]
[SourceTitle "CB07_2024"]
[SourceDate "2024.02.14"]
[SourceVersion "1"]
[SourceVersionDate "2024.02.14"]
[SourceQuality "1"]

1. d4 Nf6 2. c4 e5 3. dxe5 Ng4 4. Bf4 Bb4+ 5. Nd2 Nc6 6. Ngf3 Qe7 7. e3 Ncxe5 8. Nxe5 Nxe5 9. Be2 a5 10. a3 Bc5 11. Ne4 Ba7 12. Qc2 d6 13. 0-0 h6 14. h3 0-0 15. Rad1 Ng6 16. Bg3 Bf5 17. Bd3 Rfe8 18. Nf6+ Qxf6 19. Bxf5 Ne5 20. Be4 Rab8 21. b4 axb4 22. axb4 Nc6 23. Rb1 Qe7 24. Bd5 Ne5 25. Qa2 Bb6 26. c5 dxc5 27. Bxe5 Qxe5 28. Bxf7+ Kh8 29. Bxe8 Rxe8 30. bxc5 Qxc5 31. Qf7 Qe7 32. Qf3 Rf8 33. Qxb7 Bxe3 34. fxe3 Qxe3+ 35. Kh1 Rxf1+ 36. Rxf1 Qe5 37. Qc8+ Kh7 38. Qf5+ Qxf5 39. Rxf5 Kg6 40. Rc5 1-0

[Event "Titled Tuesday intern op 16th Jan Late"]
[Site "Chess.com INT"]
[Date "2024.01.16"]
[Round "6"]
[White "Esquivias Quintero, Luis Manuel"]
[Black "Ivanov, Aleksandr Y"]
[Result "0-1"]
[WhiteElo "2276"]
[BlackElo "2068"]
[PlyCount "94"]
[EventDate "2024.01.16"]
[EventType "swiss (blitz)"]
[EventRounds "11"]
[EventCountry "USA"]
[SourceTitle "CB04_2024"]
[SourceDate "2023.10.16"]
[SourceVersion "1"]
[SourceVersionDate "2023.10.16"]
[SourceQuality "1"]

1. e4 e6 2. d4 d5 3. e5 c5 4. c3 Nc6 5. Nf3 Qb6 6. Bd3 cxd4 7. 0-0 Bd7 8. Re1 Nge7 9. h4 Rc8 10. Ng5 h6 11. Nh7 a6 12. Qf3 Nd8 13. Bxh6 Rxh7 14. Bxh7 gxh6 15. cxd4 Qxd4 16. Nc3 Nec6 17. Rad1 Qxh4 18. Rxd5 exd5 19. Nxd5 Be6 20. Nf6+ Ke7 21. Ng8+ Kd7 22. Rd1+ Kc7 23. Nf6 Qa4 24. Qd3 Nxe5 25. Qc3+ Nec6 26. Rc1 Kb8 27. Be4 Bb4 28. Qg3+ Ka8 29. Qe3 Qb5 30. Bd3 Qe5 31. Qf3 Bd6 32. Ng4 Qf4 33. Nh2 Qxc1+ 34. Bf1 Bxh2+ 35. Kxh2 Qxf1 36. Qe3 Qc4 37. Qg3 Qxa2 38. Qe3 Qxb2 39. g3 Qb5 40. Qf4 Qd5 41. Qe3 Qc4 42. Qf4 Qxf4 43. gxf4 Bf5 44. Kg3 Ne6 45. Kf3 Ng7 46. Ke3 Rd8 47. Ke2 Kb8 0-1

[Event "Titled Tuesday intern op 16th Jan Late"]
[Site "Chess.com INT"]
[Date "2024.01.16"]
[Round "2"]
[White "Esquivias Quintero, Luis Manuel"]
[Black "Sliwicki, Damian"]
[Result "1/2-1/2"]
[WhiteElo "2276"]
[BlackElo "2091"]
[PlyCount "50"]
[EventDate "2024.01.16"]
[EventType "swiss (blitz)"]
[EventRounds "11"]
[EventCountry "USA"]
[SourceTitle "CB04_2024"]
[SourceDate "2023.10.16"]
[SourceVersion "1"]
[SourceVersionDate "2023.10.16"]
[SourceQuality "1"]

1. e4 d5 2. exd5 Qxd5 3. Nc3 Qa5 4. Bc4 Nf6 5. d3 e5 6. Bd2 Qb6 7. Qe2 Nc6 8. h3 Nd4 9. Qxe5+ Be7 10. 0-0-0 Be6 11. Nb5 Nxb5 12. Qxb5+ Qxb5 13. Bxb5+ c6 14. Bc4 Bxc4 15. dxc4 0-0-0 16. Nf3 Ne4 17. Be3 Bc5 18. Bxc5 Nxc5 19. Ne5 Rhe8 20. Nxf7 Rxd1+ 21. Rxd1 Re2 22. Rd2 Re1+ 23. Rd1 Re2 24. Rd2 Re1+ 25. Rd1 Re2 1/2-1/2

[Event "ESP-chT CECLUB Div2"]
[Site "Linares"]
[Date "2023.08.18"]
[Round "7.37"]
[White "Dominguez Alcon, Victor"]
[Black "Esquivias Quintero, Luis Manuel"]
[Result "0-1"]
[WhiteElo "2117"]
[BlackElo "2269"]
[PlyCount "66"]
[EventDate "2023.08.13"]
[EventType "team-swiss"]
[EventRounds "7"]
[EventCountry "ESP"]
[SourceTitle "EXT 2024"]
[Source "ChessBase"]
[SourceDate "2023.10.10"]
[SourceVersion "1"]
[SourceVersionDate "2023.10.10"]
[SourceQuality "1"]
[WhiteTeam "Mostoles"]
[BlackTeam "Sevilla Casa del Ajedrez"]
[WhiteTeamCountry "ESP"]
[BlackTeamCountry "ESP"]

1. e4 c5 2. Nf3 g6 3. d4 cxd4 4. Nxd4 Nc6 5. c4 Nf6 6. Nc3 Nxd4 7. Qxd4 d6 8. Be2 Bg7 9. Be3 0-0 10. Qd2 a5 11. 0-0 a4 12. f3 Qa5 13. Rab1 Be6 14. Rfd1 Rfc8 15. Nd5 Qxd2 16. Rxd2 Nxd5 17. cxd5 Bd7 18. Bd4 Bh6 19. Rdd1 e6 20. Bd3 exd5 21. exd5 Ra5 22. Bc3 Rxd5 23. Be4 Be3+ 24. Kh1 Rb5 25. Rxd6 Be6 26. Rbd1 Rxc3 27. bxc3 Bxa2 28. Rd8+ Kg7 29. Ra8 Bb3 30. Rd7 b6 31. Bc6 Re5 32. Bxa4 Bf2 33. Rxf7+ Bxf7 0-1

[Event "ESP-chT CECLUB Div2"]
[Site "Linares"]
[Date "2023.08.15"]
[Round "3.27"]
[White "Suarez Uriel, Adrian"]
[Black "Esquivias Quintero, Luis Manuel"]
[Result "1/2-1/2"]
[WhiteElo "2376"]
[BlackElo "2269"]
[PlyCount "87"]
[EventDate "2023.08.13"]
[EventType "team-swiss"]
[EventRounds "7"]
[EventCountry "ESP"]
[SourceTitle "EXT 2024"]
[Source "ChessBase"]
[SourceDate "2023.10.10"]
[SourceVersion "1"]
[SourceVersionDate "2023.10.10"]
[SourceQuality "1"]
[WhiteTeam "Collado Villalba"]
[BlackTeam "Sevilla Casa del Ajedrez"]
[WhiteTeamCountry "ESP"]
[BlackTeamCountry "ESP"]

1. e4 c5 2. Nc3 Nc6 3. Bb5 Nd4 4. Nf3 e6 5. 0-0 a6 6. Bd3 Nc6 7. Nd5 Bd6 8. Ne3 b5 9. c3 Be7 10. Re1 Nf6 11. e5 Nh5 12. a4 Rb8 13. axb5 axb5 14. Be4 Bb7 15. d4 f5 16. Bb1 cxd4 17. cxd4 Nb4 18. Bd2 0-0 19. d5 Nxd5 20. Nxd5 Bxd5 21. Nd4 Qe8 22. b4 Qg6 23. f3 Bg5 24. Kh1 Qh6 25. Bxg5 Qxg5 26. Bd3 Nf4 27. Qd2 Rfc8 28. Bxb5 Rc7 29. Bf1 Bc4 30. Rac1 Bxf1 31. Rxf1 Rxc1 32. Rxc1 h6 33. Rb1 Ng6 34. Qc3 Qf4 35. Re1 Kh7 36. b5 Qh4 37. Rb1 Qd8 38. Qc5 Qa5 39. g3 Qd2 40. b6 Qd3 41. Re1 Qa6 42. Rb1 Qd3 43. Re1 Qa6 44. Rb1 1/2-1/2

[Event "Seville City-ch Blitz"]
[Site "Seville"]
[Date "2023.02.28"]
[Round "3"]
[White "Coba Moncada, Jacinto"]
[Black "Esquivias Quintero, Luis Manuel"]
[Result "0-1"]
[WhiteElo "1845"]
[BlackElo "2276"]
[PlyCount "74"]
[EventDate "2023.02.28"]
[EventType "swiss (blitz)"]
[EventRounds "10"]
[EventCountry "ESP"]
[SourceTitle "CBM 213 Extra"]
[Source "ChessBase"]
[SourceDate "2023.05.31"]
[SourceVersion "1"]
[SourceVersionDate "2023.05.31"]
[SourceQuality "1"]

1. c4 Nf6 2. Nc3 c5 3. Nf3 b6 4. g3 Bb7 5. Bg2 g6 6. 0-0 Bg7 7. d3 0-0 8. Rb1 Nc6 9. a3 d5 10. cxd5 Nxd5 11. Nxd5 Qxd5 12. Bd2 Nd4 13. Bc3 Rfd8 14. Ne1 Qd7 15. Bxb7 Qxb7 16. Nc2 e5 17. Nxd4 exd4 18. Bd2 Re8 19. b4 cxb4 20. Rxb4 Re6 21. Re1 Rae8 22. Rc4 h5 23. Bf4 Qe7 24. Rc7 Qxa3 25. Qb1 Rxe2 26. Rxe2 Rxe2 27. Qb5 Re7 28. Qd5 Rxc7 29. Bxc7 Qc1+ 30. Kg2 Qxc7 31. h4 Qe7 32. Qc4 Qb7+ 33. Kh3 b5 34. Qc5 b4 35. Qg5 b3 36. Qd8+ Kh7 37. Qa5 b2 0-1

[Event "Seville City-ch Blitz"]
[Site "Seville"]
[Date "2023.02.28"]
[Round "2"]
[White "Esquivias Quintero, Luis Manuel"]
[Black "Salazar Romero, Abel"]
[Result "1-0"]
[WhiteElo "2276"]
[BlackElo "1869"]
[PlyCount "59"]
[EventDate "2023.02.28"]
[EventType "swiss (blitz)"]
[EventRounds "10"]
[EventCountry "ESP"]
[SourceTitle "CBM 213 Extra"]
[Source "ChessBase"]
[SourceDate "2023.05.31"]
[SourceVersion "1"]
[SourceVersionDate "2023.05.31"]
[SourceQuality "1"]

1. e4 e6 2. d4 d5 3. Nd2 dxe4 4. Nxe4 Nc6 5. Nf3 Be7 6. c3 Nf6 7. Bd3 0-0 8. 0-0 b6 9. Qc2 h6 10. Nxf6+ Bxf6 11. Bf4 Bb7 12. Rfe1 Ne7 13. Ne5 Nd5 14. Bg3 Rc8 15. Be4 c5 16. Rad1 c4 17. Qe2 Bxe5 18. Bxe5 Qg5 19. Bg3 b5 20. h4 Qd8 21. Bb1 Nf6 22. Qc2 Qd5 23. f3 g6 24. Re5 Qd7 25. h5 g5 26. f4 g4 27. f5 exf5 28. Rxf5 Qe6 29. Rxf6 Qxf6 30. Qh7# 1-0

[Event "ESP-chT CECLUB Div2"]
[Site "Linares"]
[Date "2022.08.24"]
[Round "4.3"]
[White "Esquivias Quintero, Luis Manuel"]
[Black "Carbonell Sancho, Marc"]
[Result "0-1"]
[WhiteElo "2280"]
[BlackElo "2285"]
[PlyCount "132"]
[EventDate "2022.08.22"]
[EventType "team-swiss"]
[EventRounds "7"]
[EventCountry "ESP"]
[SourceTitle "CBM 209 Extra"]
[Source "ChessBase"]
[SourceDate "2022.09.30"]
[SourceVersion "1"]
[SourceVersionDate "2022.09.30"]
[SourceQuality "1"]
[WhiteTeam "Sevilla Casa del Ajedrez"]
[BlackTeam "Xeraco CE"]
[WhiteTeamCountry "ESP"]
[BlackTeamCountry "ESP"]

1. e4 c5 2. Nf3 d6 3. d4 cxd4 4. Nxd4 Nf6 5. Nc3 g6 6. Be3 Bg7 7. f3 a6 8. Qd2 h5 9. Bc4 Nbd7 10. 0-0-0 Nc5 11. Rhe1 b5 12. Bb3 Bd7 13. Bg5 0-0 14. Bh6 Re8 15. Bxg7 Kxg7 16. Nf5+ Bxf5 17. exf5 b4 18. Nd5 Nxb3+ 19. axb3 Qa5 20. Qd4 Qxd5 21. Qxd5 Nxd5 22. Rxd5 gxf5 23. Rxf5 Kg6 24. Ra5 e6 25. Re4 Reb8 26. Rc4 Rb6 27. Kd2 d5 28. Rc7 Kf6 29. g3 Rd8 30. Ra7 Rdd6 31. Rc5 Rdc6 32. Rxc6 Rxc6 33. Rb7 a5 34. Rb5 Ra6 35. Ke3 Ke5 36. Rb7 Rc6 37. Kd3 Kf6 38. Rb5 Ra6 39. Kd4 Ra7 40. Rb8 Rc7 41. Kd3 Rc5 42. f4 Kf5 43. h3 h4 44. gxh4 Kxf4 45. h5 d4 46. Rf8 Rc7 47. h6 f5 48. Rh8 e5 49. h7 Rd7 50. Ke2 Rg7 51. h4 e4 52. Kd2 Rc7 53. h5 Re7 54. Ke2 Rg7 55. h6 Rf7 56. Kd2 Kf3 57. Ke1 f4 58. Kf1 Rc7 59. Ke1 e3 60. Kd1 Kf2 61. Kc1 d3 62. Rf8 d2+ 63. Kb1 d1Q+ 64. Ka2 Rxh7 65. Rxf4+ Kg3 66. Re4 e2 0-1

[Event "ESP-ch 87th"]
[Site "Linares"]
[Date "2022.08.13"]
[Round "3"]
[White "Esquivias Quintero, Luis Manuel"]
[Black "Moreno Ruiz, Javier"]
[Result "0-1"]
[WhiteElo "2280"]
[BlackElo "2428"]
[PlyCount "116"]
[EventDate "2022.08.11"]
[EventType "swiss"]
[EventRounds "9"]
[EventCountry "ESP"]
[SourceTitle "CBM 209 Extra"]
[Source "ChessBase"]
[SourceDate "2022.09.30"]
[SourceVersion "1"]
[SourceVersionDate "2022.09.30"]
[SourceQuality "1"]

1. e4 e6 2. d4 d5 3. Nd2 c5 4. Ngf3 Nc6 5. exd5 exd5 6. Bb5 Qe7+ 7. Be2 Qc7 8. 0-0 Nf6 9. Re1 Be6 10. Bb5 Be7 11. dxc5 Bxc5 12. Nb3 Bb6 13. Be3 0-0 14. h3 Ne4 15. c3 Rae8 16. Qc2 Re7 17. Bxb6 Qxb6 18. Nbd4 h6 19. Bd3 Bc8 20. Re2 f5 21. Rae1 Ref7 22. Qb3 Qc5 23. Qb5 Qd6 24. c4 Nxd4 25. Nxd4 dxc4 26. Qxc4 Qb6 27. Bxe4 fxe4 28. Rxe4 Qxb2 29. Rf4 Qd2 30. Ree4 Bd7 31. Nf3 Qd6 32. Ne5 Qd1+ 33. Kh2 b5 34. Qxf7+ Rxf7 35. Rxf7 Qd5 36. f3 Be6 37. Rxa7 Bf5 38. Re3 Qd4 39. Raa3 b4 40. Rab3 Bc2 41. Ng4 h5 42. Re8+ Kf7 43. Rbe3 hxg4 44. hxg4 Bb1 45. R8e7+ Kg8 46. Re8+ Kh7 47. R3e5 Bxa2 48. Rh5+ Kg6 49. Re4 Qd6+ 50. f4 Bb1 51. Rg5+ Kh7 52. Rh5+ Kg8 53. Rc4 Bd3 54. Rc8+ Kf7 55. Kg3 b3 56. Rhc5 b2 57. R8c7+ Ke6 58. Kh4 Qxc5 0-1

[Event "ESP-ch 87th"]
[Site "Linares"]
[Date "2022.08.12"]
[Round "2"]
[White "Vesga Izeta, Markel"]
[Black "Esquivias Quintero, Luis Manuel"]
[Result "0-1"]
[WhiteElo "2143"]
[BlackElo "2280"]
[PlyCount "168"]
[EventDate "2022.08.11"]
[EventType "swiss"]
[EventRounds "9"]
[EventCountry "ESP"]
[SourceTitle "CBM 209 Extra"]
[Source "ChessBase"]
[SourceDate "2022.09.30"]
[SourceVersion "1"]
[SourceVersionDate "2022.09.30"]
[SourceQuality "1"]

1. d4 Nf6 2. c4 e6 3. g3 d5 4. Bg2 Bb4+ 5. Nd2 0-0 6. Ngf3 dxc4 7. Qc2 a6 8. Qxc4 Be7 9. a4 Nbd7 10. Qc2 c5 11. 0-0 cxd4 12. Nxd4 Nc5 13. N2b3 Nxb3 14. Nxb3 Nd5 15. Bd2 Bd7 16. Qd3 Qe8 17. Na5 Bxa4 18. Nxb7 Bb5 19. Qf3 Qd7 20. Na5 Bf6 21. Rfd1 Qe7 22. e4 Nb4 23. Qb3 Nd3 24. e5 Nxe5 25. Bb4 Qc7 26. Rac1 Qb6 27. Rd6 Qa7 28. Qa3 Rac8 29. Rcd1 Bd8 30. b3 Bb6 31. Qb2 Ng4 32. Rxb6 Qxb6 33. Bxf8 Rxf8 34. b4 Rd8 35. Rxd8+ Qxd8 36. Bf3 Nf6 37. Kg2 h6 38. Nb7 Qe7 39. Nc5 e5 40. Be2 Bxe2 41. Qxe2 a5 42. Qb5 axb4 43. Qb8+ Kh7 44. Qxb4 e4 45. Qd4 g6 46. Qe3 Qe5 47. Nd3 Qf5 48. Nf4 g5 49. Nh3 Ng4 50. Qe2 Ne5 51. Ng1 Kg7 52. h3 Kh7 53. Qd1 Nd3 54. Qe2 Qe5 55. Qe3 Kg7 56. f3 exf3+ 57. Kxf3 Qd5+ 58. Ke2 Ne5 59. Kf2 Nc4 60. Qc3+ Kh7 61. Nf3 Nd6 62. Nd2 Qxd2+ 63. Qxd2 Ne4+ 64. Ke3 Nxd2 65. Kxd2 Kg6 66. Ke3 Kf5 67. Kf3 h5 68. Ke3 Ke5 69. Kf3 Kd4 70. h4 gxh4 71. gxh4 Ke5 72. Ke3 Kf5 73. Kf3 f6 74. Ke3 Kg4 75. Ke4 f5+ 76. Ke3 Kg3 77. Ke2 f4 78. Kf1 Kxh4 79. Kf2 Kg4 80. Kg2 f3+ 81. Kf2 Kf4 82. Kf1 Kg3 83. Kg1 f2+ 84. Kf1 h4 0-1

[Event "Dos Hermanas Blitz op 36th"]
[Site "Dos Hermanas"]
[Date "2022.06.04"]
[Round "5"]
[White "Bernabeu Lopez, Carlos Javier"]
[Black "Esquivias Quintero, Luis Manuel"]
[Result "1-0"]
[WhiteElo "2421"]
[BlackElo "2299"]
[PlyCount "72"]
[EventDate "2022.06.04"]
[EventType "swiss (blitz)"]
[EventRounds "8"]
[EventCountry "ESP"]
[SourceTitle "CBM 208 Extra"]
[Source "ChessBase"]
[SourceDate "2022.07.31"]
[SourceVersion "1"]
[SourceVersionDate "2022.07.31"]
[SourceQuality "1"]

1. e4 c5 2. Nf3 d6 3. d4 cxd4 4. Nxd4 Nf6 5. Nc3 Nc6 6. Bc4 Qb6 7. Nxc6 bxc6 8. 0-0 g6 9. Qe1 Nd7 10. b3 Bg7 11. Bb2 0-0 12. Na4 Qc7 13. Bxg7 Kxg7 14. Rd1 Nb6 15. Nxb6 axb6 16. a4 Ba6 17. Bxa6 Rxa6 18. Qc3+ Kg8 19. h3 h6 20. f4 b5 21. f5 Qa5 22. b4 Qb6+ 23. Kh2 bxa4 24. fxg6 fxg6 25. Rxf8+ Kxf8 26. Qh8+ Kf7 27. Rf1+ Ke6 28. Qc8+ Ke5 29. c3 d5 30. exd5 Kxd5 31. Qd7+ Kc4 32. Qe6+ Kxc3 33. Qe5+ Kc4 34. Rc1+ Kb3 35. Rb1+ Kc2 36. Qe4+ Kd2 1-0

[Event "Andalusia-ch Rapid"]
[Site "Dos Hermanas"]
[Date "2021.06.12"]
[Round "7"]
[White "Esquivias Quintero, Luis Manuel"]
[Black "Lin, Ying Rui"]
[Result "0-1"]
[WhiteElo "2280"]
[BlackElo "2333"]
[PlyCount "76"]
[EventDate "2021.06.12"]
[EventType "swiss (rapid)"]
[EventRounds "8"]
[EventCountry "ESP"]
[SourceTitle "CBM 203 Extra"]
[Source "ChessBase"]
[SourceDate "2021.09.30"]
[SourceVersion "1"]
[SourceVersionDate "2021.09.30"]
[SourceQuality "1"]

1. e4 c5 2. Nf3 d6 3. d4 cxd4 4. Nxd4 Nf6 5. Nc3 Bd7 6. Bg5 a6 7. Qd2 e6 8. f3 h6 9. Be3 Be7 10. g4 Nc6 11. 0-0-0 b5 12. Nxc6 Bxc6 13. Ne2 Nd7 14. Nd4 Rc8 15. Kb1 Ne5 16. Qf2 Bh4 17. Qg2 Be7 18. f4 Ng6 19. Nxc6 Rxc6 20. Bd3 Qc7 21. Qf2 Bh4 22. Qe2 e5 23. f5 Nf4 24. Qd2 0-0 25. Bxf4 exf4 26. Qxf4 Qe7 27. c3 Rfc8 28. Bc2 b4 29. Ba4 Rb6 30. cxb4 Rxb4 31. Bb3 Kh7 32. Qxd6 Qxe4+ 33. Qd3 Qxd3+ 34. Rxd3 Bf6 35. h3 a5 36. a3 Rb7 37. Rh2 Rcb8 38. Bxf7 Rxf7 0-1

[Event "Titled Tuesday intern op 16th Feb"]
[Site "Chess.com INT"]
[Date "2021.02.16"]
[Round "8"]
[White "Tomb, Maroun"]
[Black "Esquivias Quintero, Luis Manuel"]
[Result "1-0"]
[WhiteElo "2084"]
[BlackElo "2295"]
[PlyCount "141"]
[EventDate "2021.02.16"]
[EventType "swiss (blitz)"]
[EventRounds "11"]
[EventCountry "USA"]
[SourceTitle "EXT 2022"]
[Source "ChessBase"]
[SourceDate "2021.10.06"]
[SourceVersion "1"]
[SourceVersionDate "2021.10.06"]
[SourceQuality "1"]

1. e4 c5 2. Ne2 Nc6 3. Nbc3 g6 4. d4 cxd4 5. Nxd4 Bg7 6. Nde2 Nf6 7. g3 b5 8. Bg2 b4 9. Nd5 0-0 10. 0-0 a5 11. a3 Rb8 12. axb4 axb4 13. Ra2 d6 14. b3 Nxd5 15. exd5 Ne5 16. h3 Qc7 17. Nd4 Bb7 18. Be3 Ra8 19. Rxa8 Rxa8 20. Qd2 Qc3 21. Qxc3 bxc3 22. f4 Nd7 23. Nc6 Kf8 24. f5 Nf6 25. fxg6 hxg6 26. Bd4 Ra2 27. Rf2 Ra6 28. Bxc3 Nxd5 29. Bxg7+ Kxg7 30. Bxd5 e6 31. Nb4 Ra1+ 32. Kh2 Bxd5 33. Nxd5 exd5 34. Kg2 d4 35. Rd2 Rc1 36. Kf3 Kf6 37. Ke4 Rg1 38. g4 Ke6 39. Kxd4 Rg3 40. Rd3 Rg2 41. c4 Rb2 42. Kc3 Rb1 43. Re3+ Kd7 44. Rf3 Ke6 45. b4 f5 46. gxf5+ gxf5 47. b5 Ke5 48. h4 d5 49. cxd5 Rxb5 50. Kc4 Rb1 51. Re3+ Kd6 52. Re6+ Kd7 53. Rf6 Ra1 54. Rxf5 Ra4+ 55. Kc5 Rxh4 56. Rf7+ Kd8 57. Kc6 Rd4 58. Kd6 Ke8 59. Re7+ Kd8 60. Rh7 Ke8 61. Rh8+ Kf7 62. Kc6 Ke7 63. Rh7+ Kd8 64. Kd6 Ke8 65. Rh8+ Kf7 66. Ra8 Rd1 67. Kc6 Ke7 68. Ra7+ Kd8 69. Kd6 Ke8 70. Ra5 Rd2 71. Kc7 1-0